000 00875nam a2200277Ia 4500
005 20260324112953.0
008 008 260324s9999 xx 000 0 eng d
020 _a9788743804185
037 _aEBOOK
040 _aCRL
040 _beng
040 _cCRL
041 _2eng
041 _aeng
084 _qCRL
100 _aChristian Franck; Rosa De Finis; Jon Estrada; Karen Kasza
_91144895
245 0 _aChallenges in Mechanics of Biological Systems and Materials, Thermomechanics and Infrared Imaging, Time Dependent Materials and Residual Stress, Volume 2
245 0 _bProceedings of the 2023 Annual Conference on Experimental and Applied Mechanics
260 _bTaylor and Francis
260 _c2024
365 _a
856 _uhttp://www.taylorfrancis.com/books/9788743804185
942 _cEBOOK
999 _c1734299
_d1734299